Carta con fecha 25 de marzo de 1929, al C. general Jefe de las operaciones militares en el Estado de Colima, donde se encuentre

Síntesis: Carta que envía el coronel cristero José González Romo a general de operaciones de Colima para decirle que a raiz de la muerte del general Luis Gómez, se hicieron cargo de la columna que comandaba el general ahora muerto y que esa columna se va a incorporar a las filas del general Maximili...

Descripción completa

Guardado en:
Detalles Bibliográficos
Autor principal: González Romero, José (autor)
Formato: Libro
Temas:
Etiquetas: Agrega una etiqueta
Sin etiquetas, Sé el primero en etiquetar este registro!

MARC

LEADER 00000nam^a2200000^a^4500
001 000250353
005 20250526000000.0
009 20260310105809.199
035 |a R01354 
037 |a Acervo Xavier Clavigero 
082 |a 3.  |b CAS V. LIBRO 8 78/125 
100 |a González Romero, José  |e (autor) 
245 1 0 |a Carta con fecha 25 de marzo de 1929, al C. general Jefe de las operaciones militares en el Estado de Colima, donde se encuentre 
264 |a Coalcoman, México :  |b Destinatario: general cristero,  |c 1929 
300 |a 1 foja, mcs/cop., 21.5 X 28 cms. 
336 |a texto  |b txt  |2 rdacontenido 
337 |a sin mediación  |b n  |2 rdamedio 
338 |a volumen  |b nc  |2 rdasoporte 
520 |a Síntesis: Carta que envía el coronel cristero José González Romo a general de operaciones de Colima para decirle que a raiz de la muerte del general Luis Gómez, se hicieron cargo de la columna que comandaba el general ahora muerto y que esa columna se va a incorporar a las filas del general Maximiliano Barragan. 
598 |a Carta 
598 |a En la biblioteca del ILFC, Guadalajara, Jal. 
598 |a Fechas que cita el documento: 1929/marzo/25; 1941/agosto/20 
649 |a XX 
650 |a Cristeros 
650 |a * Muerte 
650 |a * Méndez, José M. 
910 |a Fondo Jesús Gómez Fregoso S.J. FXC 
920 |a Impresos - Documentos 
930 |a Libros Antiguos y Raros 
940 |a Guerra Cristera 
905 |a 110 
901 |a R01354  |b IT2  |c LRA  |i R01354  |u 20250526 
902 |a https://opac.biblio.iteso.mx/vufind/Record/000250353